000 00531nam a2200181Ia 4500
008 090123s9999 xx 000 0 und d
082 _b8394
_a891.463/चव्हाण
100 _aचव्हाण बियन
245 _aबडाफास्ट
250 _a1
260 _bसरस साहित्य
300 _a207
600 _aचव्हाण बियन
630 _aबडाफास्ट
700 _aचव्हाण बियन
730 _aबडाफास्ट
942 _cBOOK
999 _c46460
_d46460